| 000 | 01835nam0a2200373 4500 | ||
|---|---|---|---|
| 001 | RU\NLR\bibl\107842 | ||
| 005 | 20250617090536.0 | ||
| 010 | _a5-85052-103-8 | ||
| 021 |
_aRU _b2000-17713 _9845 |
||
| 035 | _a(NLR Aleph) 000105553 | ||
| 090 |
_a597458 _c597458 |
||
| 100 | _a20000913d1999 |||y0rusy50 ca | ||
| 101 | 0 | _arus | |
| 102 | _aRU | ||
| 105 | _aa ||||||||| | ||
| 200 | 1 |
_aПрирода и люди России. Экология, религия, политика и действие _fА.С. Мартынов _gПод ред. проф. А.А. Тишкова _gПредисл. В.И. Данилова-Данильяна _gГлоб. экол. фонд. Проект "Сохранение биоразнообразия" |
|
| 210 |
_aМ. _cИнтерграф Сервис _cПроект ГЭФ "Сохранение биоразнообразия" _d1999 |
||
| 215 |
_a131 с. _cил., цв. ил., карт. _d29 |
||
| 300 | _aНа обл. авт. не указан | ||
| 320 | _aБиблиогр.: с. 116-117 | ||
| 517 | 0 | _aЭкология, религия, политика и действие | |
| 606 | 0 |
_aОхрана природы _xСоциологические исследования _yРоссийская Федерация _92180315 _3RU\NLR\auth\661311191 |
|
| 606 | 0 |
_aЭкология _yРоссийская Федерация _92111239 _3RU\NLR\auth\661275917 |
|
| 686 | _aС550.03 | ||
| 686 | _aУ28(2) | ||
| 700 | 1 |
_4070 _7ca _8rus _aМартынов _bА. С. _cканд. биол. наук, экономист _gАлександр Сергеевич _9213833 _3RU\NLR\AUTH\770213889 |
|
| 801 | 0 |
_aRU _bNLR _c20000913 _gPSBO |
|
| 801 | 1 |
_aRU _bNLR _c20000913 |
|
| 830 | _aАвт. по кн. | ||
| 852 |
_aNLR _j2000-8/1279 |
||
| 942 | _cBOOK | ||
| 980 | _aNB | ||